00542nam a22001457a 4500003000400000005001700004008004100021040001400062100003400076245011100110260001000221300002800231500010600259504003100365OSt20171010095456.0120703t xxu||||| |||| 00| 0 eng d aMMSUcULS aTejarez, Princess Hanilet A.  aPerception of bataqueños on the homosexual portrayals in philippine movies cPrincess Hanilet A. Tejarez c2008  axi, 114 leaves c28 cm. aThesis (AB English Studies) -- Mariano Marcos State University-College of Arts & Sciences, Batac City aBibliography: leaves 72-74